<?xml version="1.0" encoding="UTF-8"?>
<record
    xmlns:xsi="http://www.w3.org/2001/XMLSchema-instance"
    xsi:schemaLocation="http://www.loc.gov/MARC21/slim http://www.loc.gov/standards/marcxml/schema/MARC21slim.xsd"
    xmlns="http://www.loc.gov/MARC21/slim">

  <leader>01392    a2200193   4500</leader>
  <controlfield tag="001">57772</controlfield>
  <controlfield tag="005">20260407155837.0</controlfield>
  <controlfield tag="008">260407a1983    arg                 spa d</controlfield>
  <controlfield tag="003">AR-UNSa-BCEJYS</controlfield>
  <datafield tag="040" ind1=" " ind2=" ">
    <subfield code="a">AR-UNSa-BCEJYS</subfield>
    <subfield code="b">spa</subfield>
    <subfield code="c">AR-UNSa-BCEJYS</subfield>
  </datafield>
  <datafield tag="080" ind1=" " ind2=" ">
    <subfield code="a">339.5</subfield>
    <subfield code="x">Comercio exterior. Comercio Internacional</subfield>
  </datafield>
  <datafield tag="245" ind1="1" ind2="0">
    <subfield code="a">Rep&#xFA;blica de Corea</subfield>
    <subfield code="p">Un mercado para productos de otros pa&#xED;ses de desarrollo</subfield>
  </datafield>
  <datafield tag="264" ind1=" " ind2="1">
    <subfield code="a">Ginebra :</subfield>
    <subfield code="b">Centro de Comercio Internacional</subfield>
    <subfield code="c">1983</subfield>
  </datafield>
  <datafield tag="300" ind1=" " ind2=" ">
    <subfield code="a">146 p.</subfield>
    <subfield code="c">23 cm.</subfield>
  </datafield>
  <datafield tag="505" ind1=" " ind2=" ">
    <subfield code="a">Primera parte: 1. La rep&#xFA;blica de Corea como mercado de importaci&#xF3;n en general y como mercado para otros pa&#xED;ses en desarrollo en particular &#x2013; 2. El comercio con la rep&#xFA;blica de Corea &#x2013; Parte 2: 1. Productos alimenticios y materias primas agr&#xED;colas &#x2013; 2. Semillas y nueces oleaginosas &#x2013; 3. Aceites y grasas &#x2013; 4. Pieles y cueros (cueros de bovinos y pieles de ovinos y de caprinos curtidas) &#x2013; 5. Productos de la madera: madera aserrada, chapas, madera torcida (contrachapados), trabajos de carpinter&#xED;a &#x2013; 6. Textiles: tejidos de fibras sint&#xE9;ticas y artificiales &#x2013; 7. Productos de metal y mineral de hierro &#x2013; 8. Maquinaria y utensilios el&#xE9;ctricos &#x2013; 9. Barcos y botes &#x2013; 10. Productos diversos &#x2013; 11. Evoluci&#xF3;n de las importaciones en 1982 </subfield>
  </datafield>
  <datafield tag="942" ind1=" " ind2=" ">
    <subfield code="c">BK</subfield>
  </datafield>
  <datafield tag="590" ind1=" " ind2=" ">
    <subfield code="a">niveau_biblio:m niveau_hierar:0</subfield>
  </datafield>
  <datafield tag="100" ind1="1" ind2=" ">
    <subfield code="a">Centro de Comercio Internacional (CCI)</subfield>
  </datafield>
  <datafield tag="999" ind1=" " ind2=" ">
    <subfield code="c">6284</subfield>
    <subfield code="d">6284</subfield>
  </datafield>
  <datafield tag="952" ind1=" " ind2=" ">
    <subfield code="0">0</subfield>
    <subfield code="1">0</subfield>
    <subfield code="4">0</subfield>
    <subfield code="7">0</subfield>
    <subfield code="a">BCEJYS</subfield>
    <subfield code="b">BCEJYS</subfield>
    <subfield code="c">16</subfield>
    <subfield code="d">2026-04-07</subfield>
    <subfield code="l">0</subfield>
    <subfield code="o">339.5 C397r</subfield>
    <subfield code="p">L128866</subfield>
    <subfield code="r">2026-04-07 15:58:37</subfield>
    <subfield code="w">2026-04-07</subfield>
    <subfield code="y">L</subfield>
  </datafield>
</record>
